000
00449nam a2200133Ia 4500
008
100328s9999 xx 000 0 und d
082
_b
12665
100
_a
पंडित नलिनी
245
_a
राष्ट्रवादाचा विकास
260
_b
साधना
630
_a
राष्ट्रवादाचा विकास
730
_a
राष्ट्रवादाचा विकास
942
_c
BOOK
999
_c
507902
_d
507899